Výročná správa Európskej komisie na ochranu a sprístupňovanie informácií

Bibliographic Details
Other Authors: Bukovský, Vladimír, 1946- (Translator)
Format: Article
Language:Slovak
ISSN:1210-096X
Subjects:

MARC

LEADER 00000nab a2200000 a 4500
001 vtls000713644
003 SK-MaSNL
005 20260304124356.0
008 250429c2000 xo 0 slo
015 |a SNBRB2000/02-03353 
035 |a CLN000065811 
035 |a urn:nbn:sk:snk-ab6ipl 
035 |a (uuid)409f23da-3b5f-4f6a-a69a-7f1b9ccc207c 
035 |a (urnnbn)urn:nbn:sk:snk:ar-0044rz 
040 |a SNKBUCL  |b slo  |c SNKBUCL  |e AACR2 
041 0 |a slo 
044 |a xo  |c SK 
080 |a 659.2:061.25(4)  |2 1997 
245 0 0 |a Výročná správa Európskej komisie na ochranu a sprístupňovanie informácií  |c preložil Vladimír Bukovský 
610 2 7 |a Európska komisia na ochranu a sprístupňovanie informácií  |2 snkbucl  |9 166104 
648 7 |a 1999  |2 snkbucl  |9 266597 
650 0 7 |a sprístupňovanie informácií  |2 snkbucl  |9 82447 
650 0 7 |a ochrana informácií  |2 snkbucl  |9 363420 
655 7 |a výročné správy  |2 snkbucl  |9 70580 
655 7 |a články z novín a časopisov  |2 snkbucl  |9 267496 
700 1 |a Bukovský, Vladimír,  |d 1946-  |4 trl  |9 216675 
773 0 |t Knižnice a informácie  |g Roč. 32, č. 1 (2000), s. 35-38  |x 1210-096X 
850 |a Slovenská národná knižnica 
852 |a Slovenská národná knižnica 
954 |a odborná, vedecká literatúra pôvodná (slovenská)  |2 lita 
958 |a article2022 
958 |a OND 
958 |a EUIPO 
992 |a RBX 
999 |c 2891213  |d 2893143